Curso de derecho comercial
Αποθηκεύτηκε σε:
| Κύριος συγγραφέας: | |
|---|---|
| Μορφή: | Βιβλίο |
| Γλώσσα: | Ισπανικά |
| Έκδοση: |
Buenos Aires
EJEA
1975
|
| Θέματα: | |
| Ετικέτες: |
Προσθήκη ετικέτας
Δεν υπάρχουν, Καταχωρήστε ετικέτα πρώτοι!
|
MARC
| LEADER | 00000nam a2200000 a 4500 | ||
|---|---|---|---|
| 001 | UCS1854 | ||
| 003 | CL-VaPUC | ||
| 008 | 970515e19750000AG |||||||||||||||||spa|d | ||
| 082 | 0 | 4 | |a 346.07 |b GUY |2 21 |
| 100 | |a Guyénot, Jean-Pierre |e author |9 386703 | ||
| 245 | 1 | 0 | |a Curso de derecho comercial |
| 300 | |a 2 v | ||
| 942 | |c BK | ||
| 945 | |d 19970515 00:00:00 |a paguirre | ||
| 260 | |a Buenos Aires |b EJEA |c 1975 | ||
| 650 | 0 | |a Derecho comercial |9 256340 | |
| 650 | 0 | |a Comerciantes |9 267878 | |
| 650 | 0 | |a Comercio |9 255341 | |
| 650 | 0 | |a Sociedades |9 259052 | |
| 650 | 0 | |a Sociedades anónimas |9 255387 | |
| 650 | 0 | |a Quiebra |9 255386 | |
| 650 | 7 | |a TITULOS DE CREDITO |2 CL-VaPUC |9 386704 | |
| 650 | 7 | |a LETRA DE CAMBIO |2 CL-VaPUC |9 257958 | |
| 650 | 0 | |a Cheque |9 257249 | |
| 650 | 7 | |a PAGARES |2 CL-VaPUC |9 256446 | |
| 583 | |a last modification |c 19970515 00:00:00 |k Rodrigo Vera | ||
| 999 | |c 259886 |d 259884 | ||
| 952 | |0 0 |1 0 |4 0 |6 346_070000000000000_GUY_1975 |7 0 |8 A |9 285389 |a BIBDER |b BIBDER |d 2019-11-19 |h v.1 |i 1855018 |l 1 |o 346.07 GUY 1975 |p 1855018 |r 2023-01-25 |s 2021-11-16 |w 2019-11-19 |y BK |k DER | ||
| 952 | |0 0 |1 0 |4 0 |6 346_070000000000000_GUY_1975 |7 0 |8 A |9 285390 |a BIBDER |b BIBDER |d 2019-11-19 |h v.2 |i 1855026 |l 1 |o 346.07 GUY 1975 |p 1855026 |r 2023-01-25 |s 2021-11-16 |w 2019-11-19 |y BK |k DER | ||